[Event "Voronezh op-B 20th"]
[Site "Voronezh"]
[Date "2016.06.21"]
[Round "9"]
[White "Chernyavsky, Oleg"]
[Black "Denisenko, Dmitry"]
[Result "1-0"]
[WhiteElo "1725"]
[BlackElo "1429"]
[PlyCount "55"]
[EventDate "2016.06.12"]
[EventType "swiss"]
[EventRounds "9"]
[EventCountry "RUS"]
[SourceTitle "EXT 2017"]
[Source "ChessBase"]
[SourceDate "2016.10.25"]
[SourceVersion "1"]
[SourceVersionDate "2016.10.25"]
[SourceQuality "1"]

1. e4 c5 2. Nf3 a6 3. c3 e6 4. d4 cxd4 5. cxd4 d5 6. e5 Nc6 7. Bd3 Bb4+ 8. Nc3 Bd7 9. 0-0 h6 10. Be3 Nge7 11. a3 Bxc3 12. bxc3 b5 13. Nd2 Na5 14. f4 Nc4 15. Nxc4 bxc4 16. Bc2 0-0 17. Qh5 Kh8 18. Rf3 Ng8 19. g4 g6 20. Qh3 Rb8 21. f5 g5 22. f6 Rb2 23. Rc1 Rxc2 24. Rxc2 Qa5 25. Bxg5 Kh7 26. Bxh6 Nxh6 27. g5 Kg8 28. Qxh6 1-0

[Event "Voronezh op-B 20th"]
[Site "Voronezh"]
[Date "2016.06.16"]
[Round "5"]
[White "Denisenko, Dmitry"]
[Black "Bukatin, Arseny"]
[Result "0-1"]
[WhiteElo "1429"]
[BlackElo "1687"]
[PlyCount "87"]
[EventDate "2016.06.12"]
[EventType "swiss"]
[EventRounds "9"]
[EventCountry "RUS"]
[SourceTitle "EXT 2017"]
[Source "ChessBase"]
[SourceDate "2016.10.25"]
[SourceVersion "1"]
[SourceVersionDate "2016.10.25"]
[SourceQuality "1"]

1. e4 e5 2. Nf3 Nc6 3. a3 Nf6 4. Nc3 d6 5. Be2 Be7 6. 0-0 0-0 7. d4 exd4 8. Nxd4 Nxd4 9. Qxd4 b6 10. Kh1 Bb7 11. f3 Qd7 12. Qf2 a6 13. Bd3 b5 14. Re1 Rfe8 15. Ne2 c5 16. b3 Rac8 17. c4 g6 18. Bb2 Nh5 19. Rad1 Bf6 20. Bxf6 Nxf6 21. Nc3 bxc4 22. Bxc4 Qc7 23. Qg3 Rcd8 24. Qg5 Kg7 25. Qc1 h5 26. Qb2 h4 27. Bd5 Kh7 28. Bc4 Nh5 29. Nd5 Bxd5 30. Rxd5 Re5 31. Qd2 Kg7 32. Rd1 Rxd5 33. Bxd5 f6 34. a4 a5 35. Bc4 g5 36. Bd5 Nf4 37. Kg1 Qb6 38. Kh1 Ng6 39. Bc4 Nf4 40. Bd5 Kf8 41. Qf2 Kg7 42. Qb2 h3 43. g3 Nxd5 44. exd5 0-1